Normal view MARC view

Entry Personal Name

Number of records used in: 1

001 - CONTROL NUMBER

  • control field: 9914

003 - CONTROL NUMBER IDENTIFIER

  • control field: OSt

005 - DATE AND TIME OF LATEST TRANSACTION

  • control field: 20160701171339.0

008 - FIXED-LENGTH DATA ELEMENTS

  • fixed length control field: 160701|| aca||aabn | a|a d

040 ## - CATALOGING SOURCE

  • Original cataloging agency: OSt
  • Transcribing agency: OSt

100 ## - HEADING--PERSONAL NAME

  • Personal name: Edited by Hay,S.I;Graham,A.J;Rodgers,D.J;

670 ## - SOURCE DATA FOUND

  • Source citation: Work cat.: (OSt): Edited by Hay,S.I;Graham,A.J;Rodgers,D.J;, Global Mapping of Infectious Diseases., 2007.